000
00201nam a2200085Ia 4500
008
120527s9999 xx 000 0 und d
100
_a
Mckay, et al
245
_a
A History of world societies
942
_c
BK
999
_c
27714
_d
27714